BIBLIOTECA

SENCICO

Física razonada / (Registro nro. 621)

Detalles MARC
000 -LEADER
fixed length control field 00851nam a2200241Ia 4500
003 - CONTROL NUMBER IDENTIFIER
control field PE SENCICO BE
005 - DATE AND TIME OF LATEST TRANSACTION
control field 20251020182443.0
008 - FIXED-LENGTH DATA ELEMENTS--GENERAL INFORMATION
fixed length control field 200515s9999 xx 000 0 und d
020 ## - INTERNATIONAL STANDARD BOOK NUMBER
International Standard Book Number 968-24-5372-0
040 ## - CATALOGING SOURCE
Original cataloging agency PE SENCICO BE
Transcribing agency PE SENCICO BE
041 ## - LANGUAGE CODE
Language code of text/sound track or separate title spa
082 ## - DEWEY DECIMAL CLASSIFICATION NUMBER
Classification number 530
Item number P77
100 1# - MAIN ENTRY--PERSONAL NAME
Personal name Pople, Stephen
9 (RLIN) 3340
Relator term autor
245 10 - TITLE STATEMENT
Title Física razonada /
Statement of responsibility, etc. Stephen Pople
250 ## - EDITION STATEMENT
Edition statement 1a ed.
260 ## - PUBLICATION, DISTRIBUTION, ETC.
Place of publication, distribution, etc. México, D.F. :
Name of publisher, distributor, etc. Trillas,
Date of publication, distribution, etc. 1997
300 ## - PHYSICAL DESCRIPTION
Extent 524 páginas :
Other physical details ilustraciones, tablas, gráficos ;
Dimensions 25 cm.
505 0# - FORMATTED CONTENTS NOTE
Formatted contents note Fuerzas y movimiento -- Fuerza, trabajo y energía -- Densidad y presión -- Movimiento molecular y calor -- Ondas: luz y sonidos -- Energía eléctrica -- Imanes y corrientes -- Electrones y átomos
650 10 - SUBJECT ADDED ENTRY--TOPICAL TERM
Topical term or geographic name entry element Física
9 (RLIN) 74
650 20 - SUBJECT ADDED ENTRY--TOPICAL TERM
Topical term or geographic name entry element Ondas
9 (RLIN) 3315
650 20 - SUBJECT ADDED ENTRY--TOPICAL TERM
Topical term or geographic name entry element Átomos
9 (RLIN) 3094
942 ## - ADDED ENTRY ELEMENTS (KOHA)
Koha item type Libros
Source of classification or shelving scheme Dewey Decimal Classification
Existencias
Fecha de la última vez que lo usaron Número de ingreso o de inventario Pago total Signatura topográfica completa Código de barras Precio efectivo desde Tipo de documento Estado perdido Sistema de clasificación Estado dañado No es para préstamo Retirado Ubicación permanente Ubicación actual Fecha de adquisición
15/05/2020 14108   530/P77 BibLima25100040 15/05/2020 Libros   Dewey Decimal Classification       Biblioteca Central Lima Biblioteca Central Lima 15/05/2020